000 00737nam a2200193 4500
003 CO-ViMGA
020 _a9789584263704
040 _aCO-ViMGA
_bspa
_cCO-ViMGA
082 0 4 _a303.69
_bV25
245 1 0 _a¿Venganza o perdón? :
_bun camino hacia la reconciliación /
_c Alejandra Castro ... [y otros catorce].
250 _aEdición especial
260 _aBogotá :
_bPlaneta :
_c2017
300 _a281 páginas ;
_b 24 cm
490 _a(Ariel. Historia). (Plan Nacional de Lectura y Escritura Leer es mi Cuento / Ministerio de Cultura)
650 1 4 _aReconciliación aspectos Sociales
_zColombia
_912300
650 1 4 _aSolución De Conflictos
_zColombia
_97197
650 1 4 _aVíctimas Del Conflicto Armado
_zColombia
_99443
942 _2ddc
_cBK
999 _c36991
_d36991